00732nam a2200229 a 4500001001300000003000900013005001700022008004100039020002100080082001500101100002800116245007600144260004500220300001000265500003500275650001800310700002800328902000800356942000700364952011400371999001700485nice12345678IN_TiNIC20260116015414.0131227s2001 newa grp 000 0 eng  a0891840516 c000a303.4bDAG aDagron, Alfonso Gumicio aMaking Wavesb Stories of Participatory Communication for Social Change aNew York bRockefeller Foundation c2001 a352p  aincludes index and biblioraphy aSocial Change1 aDagron, Alfonso Gumicio bSRS cBK 001040708StackRoom-aHMIbHMId2013-12-27g0.00l0o303.4 DAGp11002409r2013-12-27v0.00w2013-12-27yBK c19566d19566